| 000 | 00000nas 2200000zi 4500 |
| 001 | 9.896894 |
| 003 | CaOODSP |
| 005 | 20240426082427 |
| 006 | m o d f |
| 007 | cr ||||||||||| |
| 008 | 210224d19851988oncar p o f0###b0fre|d |
| 040 | |aCaOODSP|bfre|erda|cCaOODSP |
| 041 | 0 |afre|aeng |
| 043 | |an-cn--- |
| 086 | 1 |aC1-38-PDF |
| 245 | 00|aProvincial indicators historical series = |bles indicateurs provinciaux séries historiques. |
| 246 | 11|aIndicateurs provinciaux séries historiques |
| 264 | 1|aOttawa : |bGouvernement du Canada, Expansion industrielle régionale = Government of Canada, Regional Industrial expansion, |c1985-1988. |
| 310 | |aAnnuel |
| 336 | |atexte|btxt|2rdacontent/fre |
| 337 | |ainformatique|bc|2rdamedia/fre |
| 338 | |aressource en ligne|bcr|2rdacarrier/fre |
| 362 | 1 |aParaît depuis 1973-1985; ne paraît plus après 1988? |
| 500 | |aÉdition numérisée de l'imprimé [par Innovation, Sciences et Développement économique Canada]. |
| 546 | |aTexte en anglais et en français. |
| 550 | |aPublié 1985-1987 par Ministère de l'expansion industrielle régionale; 1988 par Industrie, sciences et technologie Canada. |
| 588 | |aDescription d'après : 1973/1985. |
| 588 | |aDernière livraison consultée : 1988. |
| 650 | 6|aIndicateurs économiques|zCanada|xProvinces|vPériodiques. |
| 655 | 7|aPériodiques|2rvmgf |
| 710 | 1 |aCanada. |bMinistère de l'expansion industrielle régionale, |eorganisme de publication. |
| 710 | 1 |aCanada. |bIndustrie, sciences et technologie Canada, |eorganisme de publication. |
| 788 | |tProvincial indicators historical series = |eeng|w(CaOODSP)9.896895 |